<?xml version="1.0" encoding="UTF-8"?>
<record
    xmlns:xsi="http://www.w3.org/2001/XMLSchema-instance"
    xsi:schemaLocation="http://www.loc.gov/MARC21/slim http://www.loc.gov/standards/marcxml/schema/MARC21slim.xsd"
    xmlns="http://www.loc.gov/MARC21/slim">

  <leader>01301nam a22002657a 4500</leader>
  <controlfield tag="005">20081106101154.0</controlfield>
  <controlfield tag="008">081106t        xxu||||| |||| 00| 0 hin d</controlfield>
  <datafield tag="010" ind1=" " ind2=" ">
    <subfield code="a">HIN-85410</subfield>
  </datafield>
  <datafield tag="020" ind1=" " ind2=" ">
    <subfield code="c">995.00</subfield>
  </datafield>
  <datafield tag="035" ind1=" " ind2=" ">
    <subfield code="a">HN-57756</subfield>
  </datafield>
  <datafield tag="037" ind1=" " ind2=" ">
    <subfield code="b">DBAD / PUB</subfield>
  </datafield>
  <datafield tag="040" ind1=" " ind2=" ">
    <subfield code="a">DPL</subfield>
    <subfield code="b">HN</subfield>
  </datafield>
  <datafield tag="082" ind1=" " ind2=" ">
    <subfield code="a">181.4</subfield>
  </datafield>
  <datafield tag="100" ind1=" " ind2=" ">
    <subfield code="a">&#x924;&#x94D;&#x930;&#x93F;&#x92A;&#x93E;&#x920;&#x940;,&#x906;&#x928;&#x928;&#x94D;&#x926; &#x92A;&#x94D;&#x930;&#x915;&#x93E;&#x936; </subfield>
  </datafield>
  <datafield tag="245" ind1=" " ind2=" ">
    <subfield code="a">&#x92D;&#x93E;&#x930;&#x924;&#x940;&#x92F; &#x926;&#x930;&#x94D;&#x936;&#x928;  /</subfield>
    <subfield code="c">&#x906;&#x928;&#x928;&#x94D;&#x926; &#x92A;&#x94D;&#x930;&#x915;&#x93E;&#x936; &#x924;&#x94D;&#x930;&#x93F;&#x92A;&#x93E;&#x920;&#x940; </subfield>
  </datafield>
  <datafield tag="246" ind1=" " ind2=" ">
    <subfield code="a">Bhaaratiya darashana </subfield>
    <subfield code="b">by Anand Prakash Tripathi </subfield>
  </datafield>
  <datafield tag="260" ind1=" " ind2=" ">
    <subfield code="a">&#x91C;&#x92F;&#x92A;&#x941;&#x930; </subfield>
    <subfield code="b">&#x92F;&#x942;&#x928;&#x93F;&#x935;&#x930;&#x94D;&#x938;&#x93F;&#x91F;&#x940; &#x92C;&#x941;&#x915; &#x939;&#x93E;&#x909;&#x938; </subfield>
    <subfield code="c">2008</subfield>
  </datafield>
  <datafield tag="270" ind1=" " ind2=" ">
    <subfield code="a">79, &#x91A;&#x94C;&#x921;&#x93E; &#x930;&#x93E;&#x938;&#x94D;&#x924;&#x93E; </subfield>
    <subfield code="b">&#x91C;&#x92F;&#x92A;&#x941;&#x930; </subfield>
    <subfield code="e">302003</subfield>
    <subfield code="k">0141-2311466</subfield>
    <subfield code="l">01412313382</subfield>
    <subfield code="m">uni_bookhouse@yahoo.com </subfield>
  </datafield>
  <datafield tag="300" ind1=" " ind2=" ">
    <subfield code="a">417 &#x92A;&#x943;</subfield>
    <subfield code="c">22&#x938;&#x947;&#x92E;&#x940; (&#x938;&#x91C;&#x93F;&#x932;&#x94D;&#x926;)</subfield>
  </datafield>
  <datafield tag="500" ind1=" " ind2=" ">
    <subfield code="a">&#x938;&#x93E;&#x92E;&#x93E;&#x928; ISBN 8181981014 '&#x906;&#x932;&#x94B;&#x91A;&#x928;&#x93E; &#x915;&#x947; &#x939;&#x93E;&#x936;&#x93F;&#x90F; &#x92A;&#x930;' </subfield>
  </datafield>
  <datafield tag="650" ind1=" " ind2=" ">
    <subfield code="a">&#x926;&#x930;&#x94D;&#x936;&#x928;, &#x92D;&#x93E;&#x930;&#x924;&#x940;&#x92F;</subfield>
  </datafield>
  <datafield tag="650" ind1=" " ind2=" ">
    <subfield code="a">Philosophy, Indic.</subfield>
  </datafield>
  <datafield tag="942" ind1=" " ind2=" ">
    <subfield code="2">ddc</subfield>
    <subfield code="c">HN</subfield>
    <subfield code="m">&#x924;&#x94D;&#x930;&#x93F;&#x92A;&#x93E;&#x920;&#x940; </subfield>
    <subfield code="h">181.4</subfield>
  </datafield>
  <datafield tag="999" ind1=" " ind2=" ">
    <subfield code="c">19678</subfield>
    <subfield code="d">19678</subfield>
  </datafield>
  <datafield tag="952" ind1=" " ind2=" ">
    <subfield code="0">0</subfield>
    <subfield code="1">0</subfield>
    <subfield code="2">ddc</subfield>
    <subfield code="4">0</subfield>
    <subfield code="7">1</subfield>
    <subfield code="a">DBAD</subfield>
    <subfield code="b">DBAD</subfield>
    <subfield code="d">2008-12-11</subfield>
    <subfield code="g">995.00</subfield>
    <subfield code="l">0</subfield>
    <subfield code="o">181.4 &#x924;&#x94D;&#x930;&#x93F;&#x92A;&#x93E;&#x920;&#x940;</subfield>
    <subfield code="p">HN-57756</subfield>
    <subfield code="r">2008-12-11 00:00:00</subfield>
    <subfield code="t">1</subfield>
    <subfield code="v">995.00</subfield>
    <subfield code="w">2008-12-11</subfield>
    <subfield code="y">HN</subfield>
  </datafield>
</record>
